Ocean Liners - Statistics

General Stats
  • This quiz has been taken 696 times
    169 since last reset
  • The average score is 6 of 12
Answer Stats
Hint Answer % Correct
This ocean liner sank in 1912, on her maiden voyage. RMS Titanic
95%
Sank in 1915, following a torpedo strike. RMS Lusitania
90%
Biggest British built liner of the 20th Century. RMS Queen Mary
71%
This liner had a long service life, unlike her sisters. RMS Olympic
70%
Only ocean liner in service (as an ocean liner). RMS Queen Mary 2
54%
Biggest American liner; most recent holder of the Blue Riband. SS United States
50%
This French ship (taken by the US) caught fire and was sunk in port. SS Normandie
43%
Sank at the mouth of the Saint Lawrence River in Canada. Killed over 1,000 people in just 14 minutes. RMS Empress of Ireland
36%
Sank the Andrea Doria, was converted into a cruise ship and was recently sold for scrap as the Astoria. MS Stockholm
35%
Currently preserved in Bristol as a museum ship. SS Great Britain
32%
North German Line's leading ship of their 1914 fleet; sold to Cunard. SS Imperator
32%
First ocean liner ever! SS Great Western
22%
No matching quizzes found
Score Distribution
Percent of People with Each Score
Percentile by Number Answered
Your Score History
You have not taken this quiz since the last reset